000 00704nam a2200217Ia 4500
003 GCL
008 140319s9999 xx 000 0 ara d
040 _aGCL /
_cGCL
082 0 4 _a001.6424
_bا ا
100 1 _aانيس حبلى
245 1 0 _aالعاب وبرامج وموسيقى على صخر Msx /
_cانيس حبلى
260 _a[S.N] :
_bدار الراتب الجامعية ،
_c1989
300 _a324 ص
490 _a
650 0 4 _aالحاسبات الالكترونية
650 0 4 _aباسيك
650 0 4 _aالموسيقى الالكترونية
650 0 4 _aالعاب الكمبيوتر
650 0 4 _aالحاسبات الالكترونية - برامج
942 _2ddc
_cBK
999 _c55088
_d55088